00917nam a2200193 i 4500001000700000003000900007005001700016008004100033080001700074100001900091245006300110260004700173300006100220490016100281651002900442651002400471830017000495852005800665182597ES-MaACL20240514173351.0131001s1868 sp bf |||| | spa d a908(460.156)1 aBisso, José.10aCrónica de la provincia de Álava / cpor José Bisso. aMadrid : bRubio, Grilo y Vitturi, c1868. aVII, 78 p., [4] h. de lám., [1] h. de mapas ; c32 cm.1 aCrónica general de España, ó sea Historia ilustrada y descriptiva de sus provincias, sus poblaciones más importantes de la península y de Ultramar 4aÁlava-xDescripción. 4aÁlava-xHistoria.0 aCrónica general de España, o sea Historia ilustrada y descriptiva de sus provincias, sus poblaciones más importantes de la península y posesiones de Ultramar aES-MaACLjC-1579(4) z.- Encuadernado con otras obras